Ponciano (notice nᵒ 11163)
[ vue normale ]
| 000 -Sello discográfico | |
|---|---|
| campo de control de longitud fija | 00997nam a2200361 4500 |
| 005 - Identificación de versión | |
| campo de control | 20251016082539.0 |
| 035 ## - Otros números de control del sistema | |
| Número de control del sistema | 1349 |
| 099 ## - fechas locales | |
| Tipo de ítem Koha | LIBRO |
| 100 ## - Datos de procesamiento general | |
| Datos de procesamiento general | 20040422d1943 m y1spay5003 ba |
| 105 ## - Campo de datos codificados: Material textual, monográfico | |
| Datos codificados de monografía | y 001zb |
| 200 1# - Título y mención de responsabilidad | |
| Título propio | Ponciano |
| Designación general del material | texto impreso |
| Otra información del título | el torero con bigotes |
| Primer mención de responsabilidad | A. de María y Campos |
| 210 ## - Publicación, distribución, etc. | |
| Lugar de publicación, distribución, etc. | México |
| Nombre del editor, distribuidor, etc. | Ediciones Xóchitl |
| Fecha de publicación, distribución, etc. | 1943 |
| 215 ## - Descripción física | |
| Designación de material específico y extensión del ítem | 218 p |
| Dimensiones | 19 cm |
| 318 ## - Nota de acción | |
| Acción | No se presta a domicilio |
| 345 ## - Nota de información de adquisición | |
| Fuente de adquisición/dirección de la suscripción [OBSOLETO] | Donación |
| 410 #1 - Series | |
| Título | Vidas mexicanas |
| Número de volumen | 7 |
| 600 ## - Nombre personal usado como materia | |
| Elemento de entrada | Díaz y Salinas |
| Parte del nombre distinta del elemento de entrada | Ponciano |
| Fechas | 1858-1899 |
| Número Koha | 17801 |
| 606 ## - Término temático usado como materia | |
| Elemento de entrada | Toreros |
| Número Koha | 17802 |
| 660 ## - Código de área geográfica | |
| Código | MX |
| 700 ## - Nombre personal - Responsabilidad primaria | |
| Elemento de entrada | María y Campos |
| Parte del nombre distinta del elemento de entrada | Armando de |
| Fechas | 1897-1967 |
| Número Koha | 2644 |
| 801 #0 - Fuente de origen | |
| Agencia | cm |
| 900 ## - | |
| -- | 1/7168 |
| 900 ## - | |
| -- | 7100418932\220404 |
| 942 ## - ELEMENTOS DE ENTRADA SECUNDARIOS (KOHA) | |
| Tipo de ítem Koha | Livre |
| 996 ## - | |
| -- | MEX |
| -- | 751145101 |
| -- | MMAG |
| -- | 003920 |
| -- | R920 V648 V.7 |
| -- | 20200204LIV |
| Estatus retirado | Estado de daño | Estado de pérdida | Fecha de adquisición | Biblioteca de origen | Biblioteca actual | Ubicación en estantería | Código de barras | Precio de reemplazo | Signatura topográfica completa | No para préstamo | Tipo de ítem Koha | Nota pública | Nota no pública |
|---|---|---|---|---|---|---|---|---|---|---|---|---|---|
| 05/08/2025 | Casa México Paris | Casa México Paris | 003920 | 05/08/2025 | R920 V648 V.7 | No se presta a domicilio | Livre | 20200204LIV | 751145101 |